000 00697cam a22002415a 4500
001 E149225
008 100208s2010 xxko f 000 0 eng d
020 _a9781848061248
035 _a(Sirsi) u149225
041 0 _aeng
050 0 4 _a333.72 $2 18
110 1 _aBuilding Research Establishment
245 0 0 _aDelivering a sustainable masterplan
260 _aWatford
_bBRE
_c2010
300 _a4p.
_bill.
_c30cm.
490 0 _aBRE Information Paper
_v(4/10)
520 _aProvides an overview of sustainable masterplanning and associated assessment tools.
521 _aAdvanced
590 _aKA
651 4 _aUnited Kingdom
_y
690 _aPlanning and development
_96259
942 _n0
999 _c110429
_d110429